Pays dont la capitale commence par B - Mort Subite - Statistiques

Statistiques générales
  • Ce quiz a été pris 533 fois
  • Le résultat moyen est 14 sur 24
Answers on the Grid
Answers color-coded by a green-red scale on the quiz's grid according to % correct below.
Irak
Azerbaïdjan
Mali
Brunei
Thaïlande
République Centrafricaine
Gambie
Saint-Christophe-et-Niévès
Serbie
Belize
Allemagne
Suisse
Liban
Kirghizistan
Guinée-Bissau
Colombie
Brésil
Slovaquie
République du Congo
Barbade
Belgique
Roumanie
Hongrie
Argentine
Chili
Ljubljana
Guinée
Guinée Équatoriale
République Démocratique du Congo
Pays-Bas
Venezuela
Bénin
Suriname
Syrie
Kazakhstan
Cambodge
Turkménistan
Bosnie-Herzégovine
Géorgie
Arménie
 
Statistiques - réponses
Réponse % Correct
Berlin Allemagne
85%
Bruxelles Belgique
81%
Brasilia Brésil
81%
Buenos Aires Argentine
80%
Berne Suisse
79%
Bucarest Roumanie
76%
Budapest Hongrie
73%
Bogotá Colombie
71%
Bangkok Thaïlande
67%
Beyrouth Liban
63%
Bamako Mali
61%
Belgrade Serbie
61%
Bratislava Slovaquie
59%
Bagdad Irak
57%
Bakou Azerbaïdjan
50%
Brazzaville République du Congo
46%
Belmopan Belize
43%
Bissau Guinée-Bissau
43%
Bandar Seri Begawan Brunei
38%
Bangui République Centrafricaine
36%
Bridgetown Barbade
35%
Banjul Gambie
33%
Bichkek Kirghizistan
32%
Basseterre Saint-Christophe-et-Niévès
28%
Aucun quiz correspondant
Distribution des résultats
% des personnes avec chaque résultat
Percentile par nombre de réponses
Votre historique - résultats
Vous n’avez pas pris ce quiz